Теоретическая механика: учебное пособие

Podrobná bibliografie
Hlavní autor: Диевский В. А. Виктор Алексеевич
Shrnutí:Учебное пособие соответствует содержанию федеральной дисциплины ЕН.Ф.06 «Теоретическая механика» государственных образовательных стандартов по направлениям подготовки бакалавров и дипломированных специалистов — 150300 «Прикладная механика», 635500 «Строительство», 551500 «Приборостроение» и других технических специальностей. Учебное пособие представлено разделами «Статика», «Кинематика», «Динамика материальной точки и общие теоремы динамики», «Основы аналитической механики» и «Малые колебания механических систем и элементарная теория удара». Предназначено для студентов и курсантов высших учебных заведений по указанным направлениям подготовки, по дисциплинам «Теоретическая механика», «Техническая механика» и «Прикладная механика». Книга может быть также полезна инженерам и научным работникам для углубления знаний по основам теоретической механики. Может быть использована в системах непрерывного профессионального образования.
Jazyk:ruština
Vydáno: СПб., Лань, 2008
Vydání:2-е изд., испр.
Edice:Учебники для вузов. Специальная литература
Témata:
Médium: MixedMaterials Kniha
KOHA link:https://koha.lib.tpu.ru/cgi-bin/koha/opac-detail.pl?biblionumber=145417

MARC

LEADER 00000nam0a2200000 4500
001 145417
005 20231031144057.0
010 |a 9785811406067 
035 |a (RuTPU)RU\TPU\book\157622 
035 |a RU\TPU\book\114064 
090 |a 145417 
100 |a 20081016d2008 m y0rusy50 ca 
101 0 |a rus 
102 |a RU 
105 |a a j 001zy 
200 1 |a Теоретическая механика  |e учебное пособие  |f В. А. Диевский 
205 |a 2-е изд., испр. 
210 |a СПб.  |c Лань  |d 2008 
215 |a 320 с.  |c ил. 
225 1 |a Учебники для вузов. Специальная литература 
320 |a Библиогр.: с. 315. 
330 |a Учебное пособие соответствует содержанию федеральной дисциплины ЕН.Ф.06 «Теоретическая механика» государственных образовательных стандартов по направлениям подготовки бакалавров и дипломированных специалистов — 150300 «Прикладная механика», 635500 «Строительство», 551500 «Приборостроение» и других технических специальностей. Учебное пособие представлено разделами «Статика», «Кинематика», «Динамика материальной точки и общие теоремы динамики», «Основы аналитической механики» и «Малые колебания механических систем и элементарная теория удара». Предназначено для студентов и курсантов высших учебных заведений по указанным направлениям подготовки, по дисциплинам «Теоретическая механика», «Техническая механика» и «Прикладная механика». Книга может быть также полезна инженерам и научным работникам для углубления знаний по основам теоретической механики. Может быть использована в системах непрерывного профессионального образования. 
451 1 |0 (RuTPU)RU\TPU\book\114064  |y 5-8114-0606-1  |t Теоретическая механика  |o учебное пособие  |f В. А. Диевский  |c СПб.  |n Лань  |d 2005  |p 320 с.  |s Учебники для вузов. Специальная литература  |a Диевский, Виктор Алексеевич 
610 1 |a теоретическая механика 
610 1 |a статика 
610 1 |a сходящиеся силы 
610 1 |a моменты сил 
610 1 |a теория пар 
610 1 |a системы сил 
610 1 |a трение 
610 1 |a фермы 
610 1 |a центр тяжести 
610 1 |a кинематика 
610 1 |a твердые тела 
610 1 |a плоскопараллельное движение 
610 1 |a сферическое движение 
610 1 |a сложное движение 
610 1 |a материальная точка 
610 1 |a динамика 
610 1 |a центры масс 
610 1 |a механические системы 
610 1 |a инерция 
610 1 |a кинетический момент 
610 1 |a мощность 
610 1 |a работа 
610 1 |a кинетическая энергия 
610 1 |a потенциальное силовое поле 
610 1 |a аналитическая механика 
610 1 |a принцип Лагранжа 
610 1 |a Даламбера принцип 
610 1 |a уравнения Лагранжа 
610 1 |a малые колебания 
610 1 |a свободные колебания 
610 1 |a вынужденные колебания 
610 1 |a удар 
610 1 |a учебные пособия 
675 |a 531(075.8)  |v 3 
700 1 |a Диевский  |b В. А.  |g Виктор Алексеевич 
801 1 |a RU  |b 63413507  |c 20061121  |g PSBO 
801 2 |a RU  |b 63413507  |c 20210623  |g PSBO 
900 |a Теоретическая механика 
900 |a Техническая механика 
900 |a Прикладная механика 
942 |c BK 
951 |b 150300  |b 270100  |b 200100 
959 |a 96/20061120  |d 1  |e 190,43  |f ЧЗТЛ:1